[Event "C.to Italiano Semifinale"]
[Site "Civitanova Marche ITA"]
[Date "2013.07.26"]
[Round "7"]
[White "Rombaldoni, Axel"]
[Black "Boscolo, Federico"]
[WhiteElo "2494"]
[BlackElo "2349"]
[Result "1-0"]
[PlyCount "77"]
[EventDate "2013.07.20"]

1. e4 c5 2. Nf3 Nc6 3. d4 cxd4 4. Nxd4 Nf6 5. Nc3 d6 6. h3 e6 7. Nde2 Be7 8. g4
d5 9. exd5 Nxd5 10. Bg2 Nxc3 11. Bxc6+ bxc6 12. Qxd8+ Bxd8 13. Nxc3 O-O 14. Na4
f5 15. Be3 fxg4 16. hxg4 e5 17. Rg1 Be6 18. b3 Ba5+ 19. Ke2 Bd5 20. Rg3 Be4 21.
c4 Rf7 22. Nc5 Bg6 23. Rd1 Bb4 24. Rd6 Rf6 25. Rxf6 gxf6 26. Na6 Ba5 27. Rg1
Rd8 28. f3 Bb6 29. Nb4 Be8 30. c5 Ba5 31. Nd3 Bg6 32. Nf2 Kf7 33. Rc1 Rd7 34.
Rc4 Ke6 35. Ra4 Bd8 36. Ra6 Kd5 37. Nd1 Rc7 38. Nc3+ Ke6 39. Nb5 1-0

[Event "C.to Italiano Semifinale"]
[Site "Civitanova Marche ITA"]
[Date "2013.07.26"]
[Round "7"]
[White "Rombaldoni, Denis"]
[Black "Sbarra, Marco"]
[WhiteElo "2484"]
[BlackElo "2260"]
[Result "1/2-1/2"]
[PlyCount "111"]
[EventDate "2013.07.20"]

1. d4 Nf6 2. Bf4 d5 3. e3 c5 4. c3 Qb6 5. Qb3 c4 6. Qc2 Nc6 7. Nd2 g6 8. e4
Nxe4 9. Nxe4 dxe4 10. Bxc4 Bg7 11. Be3 Qc7 12. Qxe4 Bf5 13. Qf4 e5 14. dxe5
Nxe5 15. Bb5+ Bd7 16. Be2 O-O 17. Rd1 Rfe8 18. Kf1 Qa5 19. a3 Bb5 20. Qb4 Bxe2+
21. Nxe2 Qa6 22. Qd6 Qxd6 23. Rxd6 Nc4 24. Rd7 Rad8 25. Rxd8 Rxd8 26. Nd4 Nxb2
27. Ke2 Na4 28. Kd3 Nb2+ 29. Kc2 Nc4 30. Kb3 Nxe3 31. fxe3 Re8 32. Re1 Re4 33.
Kc4 f5 34. Kd3 Be5 35. Rb1 b6 36. h3 Bd6 37. g4 Bxa3 38. gxf5 Rh4 39. fxg6 hxg6
40. Ra1 Bc5 41. Ne6 a5 42. Rg1 Kf7 43. Ng5+ Kf6 44. Ne4+ Kg7 45. Rg3 Be7 46. c4
a4 47. Rg2 Rxh3 48. Rb2 Bc5 49. Nxc5 bxc5 50. Ra2 Rh5 51. Ke4 Kf6 52. Rxa4 Re5+
53. Kf3 Rf5+ 54. Ke4 Re5+ 55. Kf3 Rf5+ 56. Ke4 1/2-1/2

[Event "C.to Italiano Semifinale"]
[Site "Civitanova Marche ITA"]
[Date "2013.07.26"]
[Round "7"]
[White "Scalcione, Michelangelo"]
[Black "Genocchio, Daniele"]
[WhiteElo "2342"]
[BlackElo "2413"]
[Result "0-1"]
[PlyCount "100"]
[EventDate "2013.07.20"]

1. Nf3 Nf6 2. c4 g6 3. Nc3 Bg7 4. e4 d6 5. d4 O-O 6. Be2 e5 7. d5 a5 8. Bg5 h6
9. Bh4 Na6 10. Nd2 Nc5 11. O-O Bd7 12. b3 Qe8 13. a3 Nh7 14. b4 Na4 15. Qc2
Nxc3 16. Qxc3 f5 17. f3 Bf6 18. Bf2 axb4 19. axb4 Qe7 20. c5 Bg5 21. Nc4 Nf6
22. Bd3 Rxa1 23. Rxa1 Qf7 24. Rf1 fxe4 25. fxe4 Ng4 26. Bg3 Qe7 27. cxd6 cxd6
28. Rxf8+ Qxf8 29. h3 Ne3 30. Qe1 Nxc4 31. Bxc4 h5 32. Qe2 Qc8 33. h4 Bg4 34.
Qd3 Bd8 35. Bf2 g5 36. hxg5 Bxg5 37. b5 Qa8 38. Qc3 Qa4 39. Qd3 Qa1+ 40. Qf1
Qa3 41. Be2 Kg7 42. Qd1 Bxe2 43. Qxe2 Bf4 44. Kh1 Kg6 45. b6 Kg5 46. Qe1 Qd3
47. Kg1 Bd2 48. Qd1 h4 49. Qf3 Qxf3 50. gxf3 Kf4 0-1

[Event "C.to Italiano Semifinale"]
[Site "Civitanova Marche ITA"]
[Date "2013.07.26"]
[Round "7"]
[White "Stella, Andrea"]
[Black "Codenotti, Marco"]
[WhiteElo "2447"]
[BlackElo "2370"]
[Result "1/2-1/2"]
[PlyCount "21"]
[EventDate "2013.07.20"]

1. d4 d5 2. c4 c6 3. cxd5 cxd5 4. Nf3 Nf6 5. Nc3 Nc6 6. Bf4 Bf5 7. e3 e6 8. Bd3
Bxd3 9. Qxd3 Bd6 10. Bxd6 Qxd6 11. O-O 1/2-1/2

[Event "C.to Italiano Semifinale"]
[Site "Civitanova Marche ITA"]
[Date "2013.07.27"]
[Round "8"]
[White "Boraso, Alessio"]
[Black "Pescatore, Lorenzo"]
[WhiteElo "2119"]
[BlackElo "2230"]
[Result "0-1"]
[PlyCount "76"]
[EventDate "2013.07.20"]

1. d4 Nf6 2. c4 e6 3. Nc3 Bb4 4. a3 Bxc3+ 5. bxc3 Ne4 6. Nh3 c5 7. d5 Qf6 8.
Qd3 O-O 9. f3 Qxc3+ 10. Qxc3 Nxc3 11. e4 d6 12. Bd3 Na4 13. f4 exd5 14. exd5
Nd7 15. Nf2 Re8+ 16. Kd2 Nf6 17. f5 b5 18. Bc2 Nb6 19. cxb5 Bb7 20. Bb2 Nfxd5
21. Rae1 Ne3 22. Bc3 Nbc4+ 23. Kc1 Nxc2 24. Kxc2 Nxa3+ 25. Kc1 Nxb5 26. Bb2 f6
27. Rhg1 Kf7 28. Nd3 Be4 29. Re3 Bxf5 30. Rf3 Be4 31. Re3 Nd4 32. Bxd4 cxd4 33.
Rg3 Rac8+ 34. Kd2 Rc3 35. Ra1 Rxd3+ 36. Rxd3 Bxd3 37. Kxd3 Re7 38. Ra6 Rd7
0-1

[Event "C.to Italiano Semifinale"]
[Site "Civitanova Marche ITA"]
[Date "2013.07.27"]
[Round "8"]
[White "Boscolo, Federico"]
[Black "Lanzani, Mario"]
[WhiteElo "2349"]
[BlackElo "2308"]
[Result "1/2-1/2"]
[PlyCount "75"]
[EventDate "2013.07.20"]

1. e4 e5 2. Nf3 Nf6 3. d4 Nxe4 4. dxe5 d5 5. Nbd2 Nc6 6. Bb5 Be7 7. Nxe4 dxe4
8. Qxd8+ Bxd8 9. Nd4 Bd7 10. Bxc6 Bxc6 11. Nxc6 bxc6 12. O-O f5 13. exf6 Bxf6
14. Rd1 O-O 15. g3 c5 16. Be3 Bxb2 17. Rab1 Bd4 18. Bxd4 cxd4 19. Rxd4 Rad8 20.
Rbb4 Rxd4 21. Rxd4 Rf3 22. Rxe4 Rc3 23. Ra4 Rxc2 24. Rxa7 c5 25. a4 Ra2 26. Kg2
Ra3 27. h4 c4 28. h5 c3 29. h6 gxh6 30. Rc7 Rxa4 31. Rxc3 Kg7 32. Rc6 h5 33.
Kh3 h6 34. Rb6 Ra2 35. Kg2 Ra4 36. Kh3 Ra2 37. f4 Rc2 38. Ra6 1/2-1/2

[Event "C.to Italiano Semifinale"]
[Site "Civitanova Marche ITA"]
[Date "2013.07.27"]
[Round "8"]
[White "Bruno, Fabio"]
[Black "Altini, Nicola"]
[WhiteElo "2421"]
[BlackElo "2347"]
[Result "1-0"]
[PlyCount "67"]
[EventDate "2013.07.20"]

1. d4 d5 2. Nf3 Nf6 3. c4 c6 4. Qc2 dxc4 5. Qxc4 Bf5 6. g3 e6 7. Bg2 Be7 8. O-O
O-O 9. Nc3 Nbd7 10. Re1 Ne4 11. Bf4 Nxc3 12. bxc3 Be4 13. Qb3 c5 14. Rad1 Qc8
15. Nd2 Bxg2 16. Kxg2 b6 17. e4 cxd4 18. cxd4 Qb7 19. d5 Nc5 20. Qf3 g5 21. Be3
Nd3 22. Re2 f5 23. Bd4 fxe4 24. Qxe4 Nb4 25. Qxe6+ Rf7 26. Re5 Bf6 27. Ne4 Bxe5
28. Qxe5 Kf8 29. d6 Rg7 30. Qxg7+ Qxg7 31. Bxg7+ Kxg7 32. d7 Nc6 33. Nxg5 Nd8
34. Rc1 1-0

[Event "C.to Italiano Semifinale"]
[Site "Civitanova Marche ITA"]
[Date "2013.07.27"]
[Round "8"]
[White "Cecconi, Giovanni Alberto"]
[Black "Bentivegna, Francesco"]
[WhiteElo "2142"]
[BlackElo "2293"]
[Result "0-1"]
[PlyCount "144"]
[EventDate "2013.07.20"]

1. c4 e5 2. Nc3 Bb4 3. g3 Bxc3 4. bxc3 d6 5. Bg2 Nc6 6. Rb1 Nge7 7. d3 O-O 8.
e3 Rb8 9. Ne2 Be6 10. O-O d5 11. cxd5 Bxd5 12. c4 Bxg2 13. Kxg2 Qd7 14. Ba3
Rfd8 15. Nc1 Ng6 16. Qh5 Qe6 17. e4 f6 18. f4 Qf7 19. Kh1 b6 20. Rb2 Rd7 21.
Rg2 Rbd8 22. f5 Nge7 23. Qe2 Nd4 24. Qe3 c5 25. g4 h6 26. h4 Rd6 27. Rfg1 Kf8
28. g5 hxg5 29. hxg5 Qh5+ 30. Rh2 Qf3+ 31. Qxf3 Nxf3 32. Rh8+ Ng8 33. Rg3 Nxg5
34. Bb2 Nxe4 35. Rg2 Rxd3 36. Nxd3 Rxd3 37. Kh2 Ng5 38. Re2 Kf7 39. Kg2 Nh6 40.
Ra8 Rd7 41. Bc1 Re7 42. Bxg5 fxg5 43. Kf3 Nxf5 44. Kg4 Kg6 45. Rd8 Nh6+ 46. Kg3
Nf7 47. Rd5 Re6 48. Rd7 a5 49. Kf3 Nd6 50. Rc2 Kf5 51. Rxg7 Rh6 52. Kg3 Ne4+
53. Kg2 Rd6 54. Rb7 Nd2 55. Kf2 g4 56. Ke3 Nf1+ 57. Kf2 Nd2 58. Ke3 Nf1+ 59.
Kf2 Rd2+ 60. Rxd2 Nxd2 61. Rxb6 Ke4 62. Rb5 Kd3 63. Rxa5 e4 64. Ra3+ Kd4 65.
Rg3 Nxc4 66. Rxg4 Kd3 67. a4 e3+ 68. Ke1 Nd2 69. Rf4 c4 70. Rf8 Nb3 71. Rd8+
Nd4 72. a5 c3 0-1

[Event "C.to Italiano Semifinale"]
[Site "Civitanova Marche ITA"]
[Date "2013.07.27"]
[Round "8"]
[White "Cocchi, Andrea"]
[Black "Moroni, Luca jr"]
[WhiteElo "2302"]
[BlackElo "2211"]
[Result "1-0"]
[PlyCount "65"]
[EventDate "2013.07.20"]

1. Nf3 d5 2. e3 Nf6 3. c4 e6 4. b3 b6 5. Bb2 Bb7 6. Be2 Be7 7. O-O O-O 8. Qc2
dxc4 9. bxc4 c5 10. Nc3 Nc6 11. Rad1 Qc7 12. Nb5 Qb8 13. Ba1 Rd8 14. a3 e5 15.
Nc3 Rd7 16. Ng5 h6 17. Nge4 Nxe4 18. Nxe4 Bd6 19. Bg4 Rd8 20. Nc3 Ne7 21. Nb5
g6 22. f4 f5 23. Be2 Nc6 24. Qc3 Re8 25. Bf3 Kh7 26. Bxc6 Bxc6 27. Nxd6 Qxd6
28. fxe5 Qc7 29. d4 cxd4 30. exd4 Be4 31. d5 Rac8 32. e6 Qb7 33. d6 1-0

[Event "C.to Italiano Semifinale"]
[Site "Civitanova Marche ITA"]
[Date "2013.07.27"]
[Round "8"]
[White "Contin, Daniel"]
[Black "Basso, Pier Luigi"]
[WhiteElo "2330"]
[BlackElo "2239"]
[Result "1-0"]
[PlyCount "93"]
[EventDate "2013.07.20"]

1. c4 e5 2. Nc3 Nf6 3. Nf3 Nc6 4. e3 Bb4 5. Qb3 e4 6. Nd4 Nxd4 7. exd4 Bxc3 8.
dxc3 O-O 9. Be2 d6 10. Bg5 h6 11. Bh4 e3 12. fxe3 Qe7 13. Bxf6 Qxe3 14. Qc2 Re8
15. Kd1 gxf6 16. Qd2 Qe4 17. Bd3 Qg4+ 18. Kc2 Bf5 19. Kb3 Bxd3 20. Qxd3 Re2 21.
Rae1 Rae8 22. Rxe2 Rxe2 23. g3 Rf2 24. Rf1 Qe2 25. Qxe2 Rxe2 26. Rxf6 Kg7 27.
Rf5 Rxh2 28. c5 Rg2 29. cxd6 cxd6 30. Rf3 Kg6 31. a4 f5 32. Kc4 Kg5 33. Kd5 Kg4
34. Rf4+ Kg5 35. Ke6 Re2+ 36. Kxd6 Re3 37. d5 Rxg3 38. Rd4 f4 39. Kc7 Kf5 40.
d6 Rg7+ 41. d7 f3 42. Kc8 Rxd7 43. Rxd7 Kg4 44. Rg7+ Kh4 45. Rg1 f2 46. Rd1 b6
47. Kb7 1-0

[Event "C.to Italiano Semifinale"]
[Site "Civitanova Marche ITA"]
[Date "2013.07.27"]
[Round "8"]
[White "Esposito, Luca"]
[Black "Bonafede, Alessandro"]
[WhiteElo "2277"]
[BlackElo "2380"]
[Result "0-1"]
[PlyCount "72"]
[EventDate "2013.07.20"]

1. d4 f5 2. Bg5 g6 3. Nc3 Bg7 4. h4 h6 5. Bf4 Nf6 6. e3 d6 7. Qf3 O-O 8. Bc4+
e6 9. Nge2 Nc6 10. a3 Kh7 11. Bg5 Qe8 12. Bxf6 Bxf6 13. O-O-O e5 14. Nd5 Bd8
15. Ba2 Be6 16. Nec3 Qf7 17. Kb1 Rb8 18. Qe2 b5 19. f4 a5 20. b4 axb4 21. axb4
h5 22. g3 e4 23. Kb2 Na7 24. Ra1 Nc8 25. Bb3 c6 26. Ra6 Bxd5 27. Bxd5 cxd5 28.
Kb3 Re8 29. Rha1 Re7 30. Ra8 Reb7 31. Qf1 Kg7 32. R1a6 Qc7 33. Qa1 Qc4+ 34. Ka3
Rxa8 35. Rxa8 Nb6 36. Ra6 Rc7 0-1

[Event "C.to Italiano Semifinale"]
[Site "Civitanova Marche ITA"]
[Date "2013.07.27"]
[Round "8"]
[White "Genocchio, Daniele"]
[Black "Codenotti, Marco"]
[WhiteElo "2413"]
[BlackElo "2370"]
[Result "1/2-1/2"]
[PlyCount "66"]
[EventDate "2013.07.20"]

1. d4 d5 2. Bg5 g6 3. e3 Bg7 4. Bd3 Nf6 5. Nd2 Nbd7 6. Ngf3 c5 7. c3 Qb6 8. Rb1
O-O 9. O-O Re8 10. Qa4 c4 11. Bc2 Qc6 12. Qxc6 bxc6 13. Ba4 Bb7 14. Bxf6 Bxf6
15. e4 Nb6 16. Bc2 Bg7 17. a4 Nc8 18. Rfe1 Ba6 19. e5 Nb6 20. a5 Nd7 21. e6
fxe6 22. Rxe6 Bb5 23. b3 cxb3 24. Nxb3 Bf6 25. h4 Rac8 26. Nbd2 Kf7 27. Re3 e5
28. Bb3 exd4 29. cxd4 a6 30. Ne4 Rxe4 31. Rxe4 Bd3 32. Ree1 Bxb1 33. Rxb1 Rb8
1/2-1/2

[Event "C.to Italiano Semifinale"]
[Site "Civitanova Marche ITA"]
[Date "2013.07.27"]
[Round "8"]
[White "Parrella, Alfredo"]
[Black "Scalcione, Michelangelo"]
[WhiteElo "2072"]
[BlackElo "2342"]
[Result "1/2-1/2"]
[PlyCount "50"]
[EventDate "2013.07.20"]

1. c4 c5 2. g3 Nc6 3. Bg2 g6 4. Nc3 Bg7 5. Nf3 e5 6. O-O Nge7 7. Rb1 d6 8. a3
a5 9. Ne1 h5 10. h4 g5 11. Nf3 gxh4 12. Nxh4 Nf5 13. Nxf5 Bxf5 14. Bxc6+ bxc6
15. e4 Bh3 16. Re1 Qf6 17. f3 h4 18. g4 Qf4 19. Kh1 Rh6 20. d3 Bg2+ 21. Kxg2
Qg3+ 22. Kh1 Qh3+ 23. Kg1 Qg3+ 24. Kh1 Rf6 25. Rf1 Qh3+ 1/2-1/2

[Event "C.to Italiano Semifinale"]
[Site "Civitanova Marche ITA"]
[Date "2013.07.27"]
[Round "8"]
[White "Santagati, Alessandro"]
[Black "Distaso, Antonio"]
[WhiteElo "2195"]
[BlackElo "2119"]
[Result "1/2-1/2"]
[PlyCount "132"]
[EventDate "2013.07.20"]

1. e4 c5 2. Nf3 Nc6 3. d3 g6 4. g3 Bg7 5. Bg2 e5 6. O-O Nge7 7. c3 O-O 8. Be3
d6 9. d4 exd4 10. cxd4 d5 11. exd5 Nxd5 12. Nc3 Nxe3 13. fxe3 cxd4 14. exd4
Nxd4 15. Nxd4 Qxd4+ 16. Kh1 Be6 17. Qxd4 Bxd4 18. Rad1 Bxc3 19. bxc3 Rac8 20.
Bxb7 Rxc3 21. a4 Ra3 22. Ra1 Rxa1 23. Rxa1 Rb8 24. Bc6 Rb6 25. Bb5 Bd5+ 26. Kg1
Bc6 27. Kf2 a6 28. Be2 a5 29. Ke3 Rb4 30. Bd1 Bd5 31. Be2 Bc6 32. Bd1 Kg7 33.
h4 Kf6 34. Ra3 Ke5 35. Ra1 f5 36. Ra3 h6 37. Bc2 g5 38. Kd2 f4 39. hxg5 hxg5
40. Rc3 fxg3 41. Rxg3 Kf4 42. Rc3 Bxa4 43. Bxa4 Rxa4 44. Ke2 Ra2+ 45. Kf1 g4
46. Kg1 g3 47. Kf1 g2+ 48. Kg1 Ke4 49. Rg3 a4 50. Kh2 a3 51. Rb3 Kd4 52. Kg1
Kc4 53. Rf3 Kb4 54. Rf4+ Kc3 55. Rf3+ Kd4 56. Rb3 Ke4 57. Rc3 Kd5 58. Rb3 Kc4
59. Rf3 Kb4 60. Rf4+ Kb3 61. Rf3+ Kb2 62. Rf2+ Kb1 63. Rf3 Kc1 64. Re3 Ra1 65.
Kxg2 a2 66. Re2 Kd1 1/2-1/2

[Event "C.to Italiano Semifinale"]
[Site "Civitanova Marche ITA"]
[Date "2013.07.27"]
[Round "8"]
[White "Sbarra, Marco"]
[Black "Rambaldi, Francesco"]
[WhiteElo "2260"]
[BlackElo "2347"]
[Result "0-1"]
[PlyCount "70"]
[EventDate "2013.07.20"]

1. g3 c5 2. c4 Nc6 3. Bg2 g6 4. Nc3 Bg7 5. e3 e5 6. Nge2 Nge7 7. O-O d6 8. b3
O-O 9. Bb2 Rb8 10. Nd5 Nxd5 11. cxd5 Ne7 12. d4 exd4 13. exd4 b6 14. Qd2 Ba6
15. Rfe1 Bxe2 16. Rxe2 Nf5 17. dxc5 Bxb2 18. Qxb2 bxc5 19. Qd2 a5 20. Re4 Rb4
21. Rc1 Nd4 22. Rce1 Nf5 23. Qc3 Rxe4 24. Rxe4 Nd4 25. a3 f5 26. Re1 f4 27. Bh3
fxg3 28. fxg3 Rf3 29. Be6+ Kg7 30. Qc4 Rxb3 31. Rf1 Qg5 32. Rf7+ Kh6 33. Qf1
Qe3+ 34. Kg2 Qe4+ 35. Kh3 Nf3 0-1

[Event "C.to Italiano Semifinale"]
[Site "Civitanova Marche ITA"]
[Date "2013.07.27"]
[Round "8"]
[White "Sibilio, Mario"]
[Black "Rombaldoni, Axel"]
[WhiteElo "2306"]
[BlackElo "2494"]
[Result "0-1"]
[PlyCount "54"]
[EventDate "2013.07.20"]

1. e4 c5 2. Nf3 g6 3. Bc4 Bg7 4. d4 cxd4 5. c3 Qc7 6. Bb3 d3 7. Qxd3 d6 8. Ng5
Nh6 9. Bf4 Na6 10. Na3 Nc5 11. Qc4 O-O 12. O-O b5 13. Nxb5 Qb6 14. Rfd1 Ng4 15.
Qe2 h6 16. Nf3 Nxf2 17. Qxf2 Qxb5 18. Bd5 Rb8 19. Qh4 e6 20. Bxh6 exd5 21. Ng5
Nxe4 22. Bxg7 Kxg7 23. Qh7+ Kf6 24. Nxe4+ dxe4 25. Rxd6+ Be6 26. Qh4+ Kg7 27.
Qxe4 Qc5+ 0-1

[Event "C.to Italiano Semifinale"]
[Site "Civitanova Marche ITA"]
[Date "2013.07.27"]
[Round "8"]
[White "Vezzosi, Paolo"]
[Black "Bove, Alessandro"]
[WhiteElo "2281"]
[BlackElo "2365"]
[Result "1/2-1/2"]
[PlyCount "92"]
[EventDate "2013.07.20"]

1. d4 Nf6 2. Nf3 c5 3. d5 a6 4. a4 e6 5. c4 exd5 6. cxd5 d6 7. Nc3 g6 8. h3 Qe7
9. Bf4 Nbd7 10. e3 Ne4 11. Bd3 Nxc3 12. bxc3 Bg7 13. Ra3 O-O 14. O-O Rb8 15. c4
Ne5 16. e4 Bd7 17. Bxe5 Bxe5 18. Nxe5 Qxe5 19. Qe2 Rfe8 20. Rb1 f5 21. f3 fxe4
22. fxe4 Rf8 23. Qb2 Qg5 24. Re1 Rbe8 25. Bb1 Re7 26. Qc1 Qh4 27. a5 Ref7 28.
Kh2 Rf2 29. Rg3 Qf6 30. e5 dxe5 31. Qe3 Rf4 32. Qxc5 Rc8 33. Qa7 Rfxc4 34. Qxb7
Qd6 35. Qb6 Qxb6 36. axb6 Rb4 37. Ba2 Rxb6 38. Rxe5 Rd6 39. h4 Re8 40. Reg5 Re2
41. Bb1 Rb2 42. Bd3 Bb5 43. Bf5 Kg7 44. Be6 Bd7 45. Re3 Rb8 46. Bxd7 Rxd7
1/2-1/2

[Event "C.to Italiano Semifinale"]
[Site "Civitanova Marche ITA"]
[Date "2013.07.27"]
[Round "8"]
[White "Xia, Jie"]
[Black "Rombaldoni, Denis"]
[WhiteElo "2287"]
[BlackElo "2484"]
[Result "1-0"]
[PlyCount "93"]
[EventDate "2013.07.20"]

1. d4 d5 2. Nf3 Nf6 3. c4 c6 4. Nc3 a6 5. e3 e6 6. Bd3 c5 7. dxc5 Bxc5 8. cxd5
exd5 9. O-O O-O 10. e4 d4 11. Na4 Ba7 12. e5 Nd5 13. Ng5 h6 14. Nh7 Re8 15. Qh5
Nc6 16. Bxh6 gxh6 17. f4 Re6 18. Rf3 Nxf4 19. Rxf4 Nxe5 20. Raf1 Qe7 21. Nf6+
Rxf6 22. Rxf6 Bg4 23. Qxh6 Nxd3 24. Qg5+ Kf8 25. Rxf7+ Qxf7 26. Rxf7+ Kxf7 27.
Qxg4 Nb4 28. Qf5+ Kg8 29. g4 d3+ 30. Kg2 Nc2 31. Kh3 Ne3 32. Qxd3 Kg7 33. Qc3+
Kg6 34. Nc5 Re8 35. Qd3+ Kg5 36. b4 Rh8+ 37. Kg3 Bb8+ 38. Kf2 Rxh2+ 39. Kxe3
Rh3+ 40. Ke4 Rxd3 41. Kxd3 Kxg4 42. Nxb7 Bc7 43. Nc5 a5 44. b5 Kf5 45. Kd4 Bb6
46. Kd5 Bd8 47. a4 1-0

[Event "C.to Italiano Semifinale"]
[Site "Civitanova Marche ITA"]
[Date "2013.07.28"]
[Round "9"]
[White "Altini, Nicola"]
[Black "Genocchio, Daniele"]
[WhiteElo "2347"]
[BlackElo "2413"]
[Result "1/2-1/2"]
[PlyCount "154"]
[EventDate "2013.07.20"]

1. d4 Nf6 2. c4 c5 3. d5 b5 4. Nf3 g6 5. Qc2 bxc4 6. e4 Bg7 7. Bxc4 d6 8. O-O
Nbd7 9. Na3 O-O 10. h3 Rb8 11. Bd2 Nh5 12. Bc3 f5 13. Bxg7 Nxg7 14. exf5 Rxf5
15. Rfe1 Rxf3 16. gxf3 Nf5 17. f4 Qf8 18. Qe2 Nf6 19. Bd3 Nd4 20. Qxe7 Nf3+ 21.
Kg2 Nxe1+ 22. Rxe1 Bb7 23. Bc4 Bxd5+ 24. Bxd5+ Nxd5 25. Qe6+ Qf7 26. Qxf7+ Kxf7
27. Nc4 Nxf4+ 28. Kf3 Nd3 29. Nxd6+ Kf6 30. Ne4+ Kf5 31. Nd6+ Kf6 32. Ne4+ Kf5
33. Nd6+ Kg5 34. Re7 Nxb2 35. Ne4+ Kh6 36. h4 g5 37. hxg5+ Kg6 38. Nxc5 Rb5 39.
Ne4 Ra5 40. Kg4 Nc4 41. Re6+ Kf7 42. Rh6 Kg7 43. Nf6 Ne5+ 44. Kh5 Nf3 45. Rxh7+
Kf8 46. Nd7+ Kg8 47. Nf6+ Kf8 48. Kg4 Nxg5 49. Rh5 Rxa2 50. Kxg5 Rxf2 51. Rh7
Rg2+ 52. Kf5 Rf2+ 53. Ke5 Re2+ 54. Ne4 Re1 55. Kf6 Ke8 56. Nc5 Rf1+ 57. Ke6
Re1+ 58. Kd6 Rd1+ 59. Kc6 a5 60. Ra7 Kf8 61. Ne6+ Kg8 62. Rg7+ Kh8 63. Rg4 Kh7
64. Nc7 a4 65. Rxa4 Kg6 66. Nd5 Kg5 67. Kd6 Re1 68. Nc3 Kf5 69. Ra8 Re6+ 70.
Kd5 Re5+ 71. Kd4 Re7 72. Rf8+ Ke6 73. Nd5 Rg7 74. Rf6+ Kd7 75. Ra6 Rg1 76. Nf6+
Ke7 77. Ne4 Rh1 1/2-1/2

[Event "C.to Italiano Semifinale"]
[Site "Civitanova Marche ITA"]
[Date "2013.07.28"]
[Round "9"]
[White "Bentivegna, Francesco"]
[Black "Parrella, Alfredo"]
[WhiteElo "2293"]
[BlackElo "2072"]
[Result "1/2-1/2"]
[PlyCount "51"]
[EventDate "2013.07.20"]

1. e4 c6 2. d4 d5 3. e5 Bf5 4. Nc3 e6 5. g4 Bg6 6. Nge2 h5 7. Nf4 Bh7 8. Nxh5
c5 9. Be3 cxd4 10. Bxd4 Nc6 11. Bg2 Nge7 12. O-O Nxd4 13. Qxd4 Nc6 14. Qf4 Bg6
15. Rad1 Qh4 16. Qg3 Qxg3 17. hxg3 Bxh5 18. gxh5 Rxh5 19. Nb5 O-O-O 20. c4 Rxe5
21. cxd5 exd5 22. Rc1 Kb8 23. Rfd1 a6 24. Nc3 d4 25. Bxc6 bxc6 26. Na4 1/2-1/2

[Event "C.to Italiano Semifinale"]
[Site "Civitanova Marche ITA"]
[Date "2013.07.28"]
[Round "9"]
[White "Bianco, Valerio"]
[Black "Sbarra, Marco"]
[WhiteElo "2141"]
[BlackElo "2260"]
[Result "0-1"]
[PlyCount "72"]
[EventDate "2013.07.20"]

1. d4 Nf6 2. c4 e6 3. Nc3 Bb4 4. e3 O-O 5. Nge2 d5 6. a3 Bd6 7. Ng3 Nbd7 8.
cxd5 exd5 9. Nf5 Nb6 10. Bd3 Re8 11. Nxd6 Qxd6 12. Qc2 c6 13. f3 Nc4 14. Nd1
Be6 15. O-O Rac8 16. e4 dxe4 17. Bxc4 Qxd4+ 18. Ne3 exf3 19. gxf3 Bh3 20. Rd1
Qf4 21. Nf1 Qxf3 22. Ng3 Rcd8 23. Bg5 Rxd1+ 24. Rxd1 Nd5 25. Bd3 h5 26. Be4 Qg4
27. Bh7+ Kh8 28. Bf5 Qxg5 29. Bxh3 h4 30. Qf5 Qe3+ 31. Kh1 hxg3 32. Qxf7 Qe2
33. Rd2 Qe1+ 34. Bf1 Re5 35. Rg2 Ne3 36. Rg1 Qf2 0-1

[Event "C.to Italiano Semifinale"]
[Site "Civitanova Marche ITA"]
[Date "2013.07.28"]
[Round "9"]
[White "Bonafede, Alessandro"]
[Black "Cocchi, Andrea"]
[WhiteElo "2380"]
[BlackElo "2302"]
[Result "0-1"]
[PlyCount "80"]
[EventDate "2013.07.20"]

1. e4 e6 2. Qe2 c5 3. Nf3 Nc6 4. g3 d6 5. Bg2 Nf6 6. O-O Be7 7. c3 O-O 8. d4 d5
9. e5 Ne4 10. dxc5 Nxc5 11. Rd1 Qc7 12. Bf4 Rb8 13. Na3 b5 14. Nc2 b4 15. cxb4
Ba6 16. Qe3 Nxb4 17. Nxb4 Rxb4 18. Rac1 Rxb2 19. Qa3 Qb6 20. Be3 Bc4 21. Rd2
Rb4 22. Rdc2 Qb8 23. Nd2 Ra4 24. Qc3 Nd3 25. Nxc4 Nxc1 26. Nb2 Ra3 27. Qc7 Rxe3
28. fxe3 Qb4 29. Rxc1 Qxb2 30. Rf1 Qa3 31. Kh1 Bc5 32. Bh3 Qxe3 33. Bg2 Bd4 34.
Qe7 Qxe5 35. Qa3 g6 36. Bf3 Rc8 37. Bg2 Rc7 38. Qb4 Bb6 39. Re1 Qc3 40. Qb1 Kg7
0-1

[Event "C.to Italiano Semifinale"]
[Site "Civitanova Marche ITA"]
[Date "2013.07.28"]
[Round "9"]
[White "Bove, Alessandro"]
[Black "Esposito, Luca"]
[WhiteElo "2365"]
[BlackElo "2277"]
[Result "1-0"]
[PlyCount "69"]
[EventDate "2013.07.20"]

1. e4 c5 2. Nf3 e6 3. d4 cxd4 4. Nxd4 Nc6 5. Nxc6 bxc6 6. Bd3 Nf6 7. O-O d5 8.
Nd2 Be7 9. Qe2 Nd7 10. c4 O-O 11. b3 Bf6 12. Ba3 Bxa1 13. Bxf8 Bd4 14. Bd6 Nc5
15. e5 Nxd3 16. Qxd3 Bb6 17. c5 Bc7 18. Bxc7 Qxc7 19. Qc3 Bd7 20. Nf3 Rf8 21.
Re1 f5 22. Nd4 Rf7 23. h4 h6 24. h5 Qd8 25. Nf3 f4 26. Nd4 Qg5 27. Qh3 Rf8 28.
b4 Rb8 29. a3 a6 30. Nxc6 Bxc6 31. Qxe6+ Kh7 32. Qxc6 Qxh5 33. Qxd5 Rf8 34.
Qe4+ Kg8 35. c6 1-0

[Event "C.to Italiano Semifinale"]
[Site "Civitanova Marche ITA"]
[Date "2013.07.28"]
[Round "9"]
[White "Codenotti, Marco"]
[Black "Sibilio, Mario"]
[WhiteElo "2370"]
[BlackElo "2306"]
[Result "1/2-1/2"]
[PlyCount "97"]
[EventDate "2013.07.20"]

1. e4 g6 2. d4 Bg7 3. Nf3 d6 4. Nc3 Nf6 5. Be2 O-O 6. O-O Nc6 7. d5 Nb8 8. a4
c6 9. a5 Bg4 10. h3 Bxf3 11. Bxf3 cxd5 12. e5 dxe5 13. Nxd5 Nxd5 14. Qxd5 Qxd5
15. Bxd5 Nc6 16. a6 Rad8 17. c4 e6 18. Bf3 f5 19. axb7 e4 20. Bd1 Rb8 21. Ra6
Nb4 22. Rxa7 Bd4 23. Ra5 Rxb7 24. Bh6 Rc8 25. Ba4 Nd3 26. b3 Kf7 27. Bb5 Ra7
28. Bd2 Nxf2 29. Rxa7+ Bxa7 30. Ra1 Bd4 31. Ra6 e5 32. Kf1 e3 33. Be1 Nd3 34.
Ba5 e2+ 35. Kxe2 Nc1+ 36. Kf1 Nxb3 37. Bb4 Bc5 38. Bc3 Nd4 39. Bxd4 Bxd4 40.
Ke2 Kg7 41. g4 fxg4 42. hxg4 Kh6 43. Rf6 Rc7 44. Rd6 Kg5 45. Rd7 Rxd7 46. Bxd7
Kf4 47. Be6 Bc5 48. Bd7 e4 49. Be6 1/2-1/2

[Event "C.to Italiano Semifinale"]
[Site "Civitanova Marche ITA"]
[Date "2013.07.28"]
[Round "9"]
[White "Dappiano, Andrea"]
[Black "Contin, Daniel"]
[WhiteElo "2149"]
[BlackElo "2330"]
[Result "1/2-1/2"]
[PlyCount "59"]
[EventDate "2013.07.20"]

1. c4 e5 2. Nc3 Nc6 3. g3 f5 4. Bg2 Nf6 5. d3 Bc5 6. Nf3 e4 7. Nh4 Ng4 8. e3 d5
9. cxd5 Nce5 10. dxe4 fxe4 11. Bxe4 Nxf2 12. Qh5+ Nf7 13. Kxf2 g6 14. Qe2 O-O
15. Kg2 Ng5 16. Rd1 Qe7 17. Qc4 Kg7 18. b4 Bd6 19. Bb2 Kh6 20. Rd2 Bg4 21. Re1
Rf6 22. Kh1 b5 23. Qd3 Nh3 24. Kg2 Raf8 25. Nd1 Bxb4 26. Bxf6 Qxf6 27. Rf1
Qxf1+ 28. Qxf1 Rxf1 29. Kxf1 Bxd1 30. Ng2 1/2-1/2

[Event "C.to Italiano Semifinale"]
[Site "Civitanova Marche ITA"]
[Date "2013.07.28"]
[Round "9"]
[White "Distaso, Antonio"]
[Black "Rombaldoni, Denis"]
[WhiteElo "2119"]
[BlackElo "2484"]
[Result "0-1"]
[PlyCount "61"]
[EventDate "2013.07.20"]

1. e4 c6 2. d4 d5 3. Nd2 dxe4 4. Nxe4 Nd7 5. Ng5 g6 6. Bc4 Nh6 7. N1f3 Nb6 8.
Bb3 Bg7 9. O-O a5 10. a4 O-O 11. Re1 Nf5 12. c3 Nd5 13. Bd2 Qc7 14. c4 Nf4 15.
Bc3 h6 16. Ne4 g5 17. d5 g4 18. Bxg7 Kxg7 19. Nd4 Nh4 20. g3 Nh3+ 21. Kf1 Ng6
22. d6 exd6 23. Nxd6 c5 24. Ne8+ Rxe8 25. Rxe8 Ra6 26. Nb5 Qc6 27. Qd5 Qxe8 28.
Nc7 Qe7 29. Nxa6 bxa6 30. Rd1 Bb7 31. Qd3 0-1